000 00913cam a2200241 a 4500
001 000004270
005 20200929151423.0
008 960626s1995 sp b 000 0 spa d
020 _a8475064493
040 _aDO-SdBNP
_cTXU
_dOCL
_dOCLCG
_dDLC
082 _a850.8
_bH446
100 0 _aLeón, Hebrero
_db. ca. 1460.
_912627
245 1 0 _aTraducción de los diálogos de amor de León Hebreo /
_cGarcilaso Inca de la Vega ; edición y prólogo, Andrés Soria Olmedo.
260 _aMadrid :
_bFundación José Antonio Castro,
_c1995.
300 _axvii, 553 p. ;
_c23 cm.
490 1 _aBiblioteca Castro
504 _aIncluye referencias bibliográficas (p. xvii).
650 4 _aAmor
_vTEMPRANAS OBRAS PARA 1800.
_912628
700 1 _aInca de la Vega, Garcilaso,
_d1539-1616.
_912629
700 1 _aSoria Olmedo, Andrés ;
_eed.
_912630
830 0 _aBiblioteca Castro
_912631
910 _aCatalogación por copia / LC
999 _c4084
_d4084